000 00854nam a22002297a 4500
005 20251108172751.0
008 250721s1993 xx 000 0 ara d
082 1 4 _aم/930/نها
100 1 _aالنهار، ميسون عبد الغني موسى
_eمؤلف
245 1 0 _aالحلي في موقعي عين غزال ووادي شعيب في العصر الحجري الحديث دراسة تصنيفية تحليلية ومقارنة /
264 1 _aعمان :
_c1993.
300 _a450ص.
500 _a/رسائل الماجستير
650 1 7 _aالتاريخ القديم
650 1 7 _aتاريخ الأردن
650 1 7 _aعلم الآثار
650 1 7 _aالمواقع الأثرية
650 1 7 _aالحفريات الأثرية
650 1 7 _aالفنون الجميلة المجوهرات
942 _2ddc
_cBK
999 _c88000
_d88000